000 00910cam a2200265 a 4500
001 C00566047c-7
003 CO-ViMGA
005 20230915224040.0
008 991124r19981996ck r 00010dspa d
020 _a9583306460
040 _aCO-ViMGA
_bspa
_cCO-ViMGA
043 _as-ck---
082 0 4 _a320.9861
_bB83dl
_219 ed.
100 1 _aBuenahora Febres-Cordero, Jaime,
_d1952-
_910858
245 1 3 _aLa democracia en Colombia :
_bun proyecto en construcción /
_cJaime Buenahora Febres-Cordero.
250 _a2a. ed.
260 _aSanta Fe de Bogotá :
_bTercer Mundo,
_c1997.
300 _axxv, 500 p. ;
_c23 cm.
504 _aIncluye bibliografía.
650 1 4 _aHistoria de los partidos políticos
_z Colombia.
_910859
650 1 4 _aParticipación política
_z Colombia.
_910860
650 6 _aDemocracia
_z Colombia.
_92697
651 6 _aColombia
_x Política y gobierno.
_910837
942 _2ddc
_cBK
999 _c11206
_d11206